Les pays contenant entre 60 % et 70 % d'orthodoxes - Statistiques

Statistiques générales
  • Ce quiz a été pris 26 fois
  • Le résultat moyen est 1 sur 2
Statistiques - réponses
Hint Réponse % Correct
61,01 % Russie
87%
61,65 % Macédoine
22%
Aucun quiz correspondant
Distribution des résultats
% des personnes avec chaque résultat
Percentile par nombre de réponses
Votre historique - résultats
Vous n’avez pas pris ce quiz